[Event "Montevideo Nazzari Memorial"]
[Site "Montevideo"]
[Date "2019.03.18"]
[Round "4"]
[White "Vinas, Matias"]
[Black "Zaruski, Julio"]
[Result "0-1"]
[WhiteElo "1549"]
[BlackElo "1826"]
[PlyCount "70"]
[EventDate "2019.03.11"]
[EventType "swiss"]
[EventRounds "7"]
[EventCountry "URU"]
[SourceTitle "CBM 189 Extra"]
[Source "ChessBase"]
[SourceDate "2019.06.03"]
[SourceVersion "1"]
[SourceVersionDate "2019.06.03"]
[SourceQuality "1"]

1. e4 c5 2. Nf3 g6 3. d4 Bg7 4. c3 cxd4 5. cxd4 Nf6 6. Bd3 0-0 7. Nc3 d5 8. e5 Ne8 9. Bf4 Nc6 10. Qd2 Bg4 11. Be2 e6 12. 0-0-0 Qb6 13. h3 Bxf3 14. Bxf3 Nc7 15. h4 Nb5 16. h5 Nbxd4 17. Be3 Nxf3 18. gxf3 d4 19. Bxd4 Nxd4 20. Qxd4 Qxd4 21. Rxd4 Bxe5 22. Rg4 Rac8 23. hxg6 hxg6 24. Kd2 Rfd8+ 25. Kc2 Kg7 26. Kb3 Rd3 27. Rc4 Rxc4 28. Kxc4 Rxf3 29. Ne4 b6 30. b3 f5 31. Rh7+ Kxh7 32. Ng5+ Kg7 33. Nxf3 Bd6 34. Kd3 Kf6 35. Nd4 Bc5 0-1

[Event "Montevideo Nazzari Memorial"]
[Site "Montevideo"]
[Date "2019.03.11"]
[Round "1"]
[White "Barboza, Mauro"]
[Black "Vinas, Matias"]
[Result "1-0"]
[WhiteElo "1852"]
[BlackElo "1549"]
[PlyCount "51"]
[EventDate "2019.03.11"]
[EventType "swiss"]
[EventRounds "7"]
[EventCountry "URU"]
[SourceTitle "CBM 189 Extra"]
[Source "ChessBase"]
[SourceDate "2019.06.03"]
[SourceVersion "1"]
[SourceVersionDate "2019.06.03"]
[SourceQuality "1"]

1. e4 c6 2. d4 d5 3. e5 f6 4. Nf3 Bg4 5. h3 Bxf3 6. Qxf3 e6 7. Bd3 Nd7 8. Qh5+ Ke7 9. g4 Qa5+ 10. Nc3 h6 11. g5 fxe5 12. gxh6 exd4 13. Qg5+ Ngf6 14. hxg7 Bxg7 15. Qxg7+ Kd6 16. Qg3+ e5 17. Bd2 dxc3 18. Bxc3 Qb6 19. 0-0-0 Nh5 20. Qg6+ Kc7 21. Qf7 d4 22. Bf5 Rad8 23. Bd2 Nf4 24. Bxf4 exf4 25. Bxd7 Rhf8 26. Qe7 1-0